Takový hněv : čtvrtý případ inspektora Fawleyho /

Detektivní román s inspektorem Fawleyem, který tentokrát řeší případ únosu dvou dívek.

Hlavní autor: Hunter, Cara
Další autoři: Polochová, Markéta, 1982-
Jazyk: Čeština
Vydáno: Brno : Host, 2021
Vydání: První vydání
Témata:
Fyzický popis: 429 stran : ilustrace, mapy ; 21 cm
Knihy
Uloženo v:
LEADER 02290cam a2200469 i 4500
001 nkc20213320131
003 CZ PrNK
005 20230601130200.0
007 ta
008 210420s2021 xr ab g 000 f cze d
015 |a cnb003320131 
020 |a 978-80-275-0579-1  |q (vázáno) 
035 |a (OCoLC)1260123809 
040 |a CBA001  |b cze  |d ABG001  |e rda 
041 1 |a cze  |h eng 
072 7 |a 821.111  |x Anglická literatura, anglicky psaná  |2 Konspekt  |9 25 
080 |a 821.111-31  |2 MRF 
080 |a (0:82-312.4)  |2 MRF 
100 1 |a Hunter, Cara  |7 xx0228286  |4 aut 
240 1 0 |a All the rage.  |l Česky 
245 1 0 |a Takový hněv :  |b čtvrtý případ inspektora Fawleyho /  |c Cara Hunterová ; přeložila Markéta Polochová 
250 |a První vydání 
264 1 |a Brno :  |b Host,  |c 2021 
300 |a 429 stran :  |b ilustrace, mapy ;  |c 21 cm 
336 |a text  |b txt  |2 rdacontent 
337 |a bez média  |b n  |2 rdamedia 
338 |a svazek  |b nc  |2 rdacarrier 
500 |a Přeloženo z angličtiny 
520 2 |a Detektivní román s inspektorem Fawleyem, který tentokrát řeší případ únosu dvou dívek.  |b První dívka se vrátila. Druhá takové štěstí mít nemusí... Inspektor Adam Fawley přichází se svým čtvrtým případem. Na předměstí Oxfordu je nalezena zbědovaná dospívající dívka a vypráví děsivý příběh: kdosi ji unesl přímo z ulice, na hlavu jí narazil plastový pytel a odvezl ji na odlehlé místo, kde byla pravděpodobně zneužita. Přesto odmítá vznést obvinění. Detektiv inspektor Fawley případ vyšetřuje, ale bez její pomoci toho mnoho nezmůže. Nakladatelská anotace. 
655 7 |a anglické romány  |7 fd131814  |2 czenas 
655 7 |a detektivní romány  |7 fd132010  |2 czenas 
655 9 |a English fiction  |2 eczenas 
655 9 |a detective novels  |2 eczenas 
700 1 |a Polochová, Markéta,  |d 1982-  |7 mzk2011641904  |4 trl 
787 0 8 |i Z cyklu:  |t Případy inspektora Fawleyho  |g 4 
910 2 |a BOA001  |b 2-1464.852 
920 |a 4590762  |z ABG001 
990 |a BK 
995 |a 01 
991 |b 202106  |c NOV 
996 6 |b 2610866136  |c 2-1464.852  |l MZK  |r Sklad / do 1 hodiny  |n 3  |p p.v.  |w 001852643  |u 000010  |a 1  |e BOA001  |j MZK50  |s P 
996 7 |b 2610866137  |c 2-1464.852  |l MZK  |r Sklad / do 1 hodiny  |n 12  |p p.v.  |w 001852643  |u 000020  |a 1  |e BOA001  |j MZK50  |s A